Infestations trypanosomiennes etessai de traitements trypanocides chez les ovins dans la commune de Kandi (Record no. 47904)
[ view plain ]
| 000 -LEADER | |
|---|---|
| fixed length control field | 00615nam a22001937a 4500 |
| 003 - CONTROL NUMBER IDENTIFIER | |
| control field | 0 |
| 005 - DATE AND TIME OF LATEST TRANSACTION | |
| control field | 20160609165904.0 |
| 008 - FIXED-LENGTH DATA ELEMENTS--GENERAL INFORMATION | |
| fixed length control field | 101005t xxu||||| |||| 00| 0 eng d |
| 040 ## - SOURCE DU CATALOGAGE | |
| Original cataloging agency | BUAC |
| Transcribing agency | BEPAC |
| 100 ## - VEDETTE PRINCIPALE - NOM DE PERSONNE | |
| Personal name | Toko Issakou , Wahabou El Hadj |
| 9 (RLIN) | 9623 |
| 130 ## - VEDETTE PRINCIPALE - TITRE UNIFORME | |
| Language of a work | fr |
| 9 (RLIN) | 9624 |
| 245 ## - TITLE STATEMENT | |
| Title | Infestations trypanosomiennes etessai de traitements trypanocides chez les ovins dans la commune de Kandi |
| 260 ## - PUBLICATION, DISTRIBUTION, ETC. (IMPRINT) | |
| Place of publication, distribution, etc | EPAC-UAC |
| Name of publisher, distributor, etc | EPAC-UAC |
| Date of publication, distribution, etc | 2007-2008 |
| 300 ## - PHYSICAL DESCRIPTION | |
| Extent | XII-71p. |
| 650 ## - SUBJECT ADDED ENTRY--TOPICAL TERM | |
| Topical term or geographic name as entry element | TRYPANOSOMOS |
| Topical term following geographic name as entry element | TRYPANOTOLERANT |
| 9 (RLIN) | 9625 |
| 650 ## - SUBJECT ADDED ENTRY--TOPICAL TERM | |
| Topical term or geographic name as entry element | HEMATOCRITE |
| Topical term following geographic name as entry element | PARASITEMIE |
| 9 (RLIN) | 9626 |
| 700 ## - ADDED ENTRY--PERSONAL NAME | |
| Personal name | Farougou , souaibou |
| 9 (RLIN) | 9627 |
| 942 ## - ADDED ENTRY ELEMENTS (KOHA) | |
| Koha item type | Thèse et Memoire |
| Withdrawn status | Lost status | Damaged status | Not for loan | Location (home branch) | Sublocation or collection (holding branch) | Date acquired | Source of acquisition | Koha issues (times borrowed) | Koha full call number | Piece designation (barcode) | Koha date last seen | Copy number | Price effective from | Koha item type |
|---|---|---|---|---|---|---|---|---|---|---|---|---|---|---|
| Bibliothèque Ecole Polytechnique d'Abomey-Calavi | Bibliothèque Ecole Polytechnique d'Abomey-Calavi | 05/10/2010 | Dépot légal | 27. /PSA/TOK | M15751 EPAC | 05/10/2010 | 1 | 05/10/2010 | Thèse et Memoire | |||||
| Bibliothèque Ecole Polytechnique d'Abomey-Calavi | Bibliothèque Ecole Polytechnique d'Abomey-Calavi | 05/10/2010 | dépot légal | 27.PSA/TOK | M15752 EPAC | 05/10/2010 | 2 | 05/10/2010 | Thèse et Memoire | |||||
| Bibliothèque Ecole Polytechnique d'Abomey-Calavi | Bibliothèque Ecole Polytechnique d'Abomey-Calavi | 05/10/2010 | Dépot légal | 27.PSA/TOK | M15753 EPAC | 05/10/2010 | 3 | 05/10/2010 | Thèse et Memoire |